000 00518nam a2200181Ia 4500
003 LK-CoDNM
008 010623t2003 xxu||||| |||| 00| 1 sin d
040 _aLK-CoDNM
_dLK-CoDNM
_eLK-CoDNM
041 _asin
080 _a294.3THI
100 _aThilakarathna,Vimal
_eed.
245 _aබෞද්ධයාගේ අත්පොත,ධම්මපදය
246 _aBauddayage Ath Potha : Dhammapadaya
260 _bUdaya printers
_aGanemulla
_c2003
300 _b41p, 14 cm
650 _aBuddhism
942 _cBK
999 _c123063
_d123063